000 00774cam a2200181 4500500
005 20251228095026.0
041 _afre
042 _adc
100 1 0 _aMotoret, Laurence
_eauthor
245 0 0 _aQuelques touches d’attente au cinéma
260 _c2016.
500 _a25
520 _aL’auteur livre deux ou trois pistes pour se remémorer les moments d’attente au cinéma…
520 _aThe author gives a few guidelines in order to recall moments of expectation at the cinema.
520 _aNeste artigo, a autora sugere algumas pistas de leitura sobre as dimensões da espera no cinema…
786 0 _nSigila | 37 | 1 | 2016-03-01 | p. 163-166 | 1286-1715
856 4 1 _uhttps://shs.cairn.info/revue-sigila-2016-1-page-163?lang=fr&redirect-ssocas=7080
999 _c1605361
_d1605361